[Event "24. European Club Cup 2008"]
[Site "Kallithea GRE"]
[Date "2008.10.21"]
[Round "5.29"]
[White "Bakalarz, Mietek"]
[Black "Molnar, Peter"]
[Result "1/2-1/2"]
[WhiteElo "2330"]
[BlackElo "2297"]
[PlyCount "133"]
[EventDate "2008.10.17"]
[EventType "team-swiss"]
[EventRounds "7"]
[EventCountry "GRE"]
[Source "lmi"]
[SourceDate "2008.10.17"]
[WhiteTeam "Differdange"]
[BlackTeam "Kosice"]

1. d4 Nf6 2. Bf4 e6 3. e3 c5 4. c3 b6 5. Nf3 Bb7 6. Nbd2 Be7 7. h3 cxd4 8. exd4
O-O 9. Bd3 d6 10. O-O Nbd7 11. Re1 Re8 12. c4 Bf8 13. Bh2 Rc8 14. Qa4 Bc6 15.
Qd1 Bb7 16. Rc1 g6 17. a3 a5 18. Bc2 Qc7 19. b4 axb4 20. axb4 Bh6 21. c5 Bxf3
22. Nxf3 bxc5 23. bxc5 Bxc1 24. Bxd6 Qxd6 25. cxd6 Ba3 26. Ne5 Bxd6 27. Ba4
Red8 28. Qf3 Bxe5 29. dxe5 Nd5 30. Bxd7 Rxd7 31. h4 Rdc7 32. Re4 Rc3 33. Qg4 h5
34. Qg5 R3c4 35. Rxc4 Rxc4 36. g3 Kg7 37. Qd2 Re4 38. Qb2 Rb4 39. Qe2 Rd4 40.
Kh2 Rb4 41. Qd3 Rb2 42. Kg2 Rb4 43. Qd2 Rc4 44. Kh3 Re4 45. f3 Re3 46. Kg2 Rc3
47. Kf2 Rc4 48. Qd1 Kh7 49. f4 Rc5 50. f5 exf5 51. Qd4 Nc3 52. Qd7 Ne4+ 53. Kf3
Kg8 54. e6 fxe6 55. Qxe6+ Kg7 56. Qe7+ Kh6 57. Qf8+ Kh7 58. Qf7+ Kh6 59. Qf8+
Kh7 60. Kf4 Rc7 61. g4 hxg4 62. h5 Rg7 63. hxg6+ Rxg6 64. Qf7+ Kh6 65. Qf8+ Kh7
66. Qf7+ Kh6 67. Qf8+ 1/2-1/2

[Event "24. European Club Cup 2008"]
[Site "Kallithea GRE"]
[Date "2008.10.21"]
[Round "5.29"]
[White "Varholakova, Niki"]
[Black "Jansen, Christof"]
[Result "0-1"]
[WhiteElo "2191"]
[BlackElo "2263"]
[PlyCount "66"]
[EventDate "2008.10.17"]
[EventType "team-swiss"]
[EventRounds "7"]
[EventCountry "GRE"]
[Source "lmi"]
[SourceDate "2008.10.17"]
[WhiteTeam "Kosice"]
[BlackTeam "Differdange"]

1. e4 g6 2. d4 Bg7 3. Bc4 c6 4. c3 d5 5. exd5 cxd5 6. Bd3 Nc6 7. Bf4 Nf6 8. h3
Qb6 9. Qe2 O-O 10. Nf3 h6 11. Na3 a6 12. Ne5 Nxe5 13. Bxe5 Bd7 14. O-O Rac8 15.
Rab1 Bf5 16. Bxf5 gxf5 17. Qf3 Ne4 18. Bf4 Qg6 19. Qe3 e6 20. Nc2 Kh7 21. Kh2
Rg8 22. Rg1 Bf6 23. Ne1 Rg7 24. Nf3 Rcg8 25. g3 Bg5 26. Bxg5 hxg5 27. Nd2 Nf6
28. b3 Nh5 29. Qe5 Qh6 30. Nf1 Rh8 31. c4 Kg6 32. h4 Nf4 33. Nd2 Qxh4+ 0-1

[Event "24. European Club Cup 2008"]
[Site "Kallithea GRE"]
[Date "2008.10.21"]
[Round "5.29"]
[White "Rajnak, Daniel"]
[Black "Gengler, Pierre"]
[Result "1-0"]
[WhiteElo "2198"]
[BlackElo "2200"]
[PlyCount "171"]
[EventDate "2008.10.17"]
[EventType "team-swiss"]
[EventRounds "7"]
[EventCountry "GRE"]
[Source "lmi"]
[SourceDate "2008.10.17"]
[WhiteTeam "Kosice"]
[BlackTeam "Differdange"]

1. d4 g6 2. Nf3 Bg7 3. e3 f5 4. c4 Nf6 5. Nc3 O-O 6. Qc2 d6 7. b3 c6 8. Bb2 Na6
9. Rd1 Qe8 10. Ba3 Bd7 11. c5 b5 12. cxd6 b4 13. Bxa6 bxa3 14. dxe7 Qxe7 15.
O-O c5 16. d5 Ng4 17. Nb1 Qd6 18. Be2 Bb2 19. Nbd2 Qf6 20. Nc4 Bb5 21. Nxb2
Bxe2 22. Qxe2 axb2 23. Rd2 Rfd8 24. Rfd1 Rd7 25. Rxb2 Rad8 26. Rbd2 Ne5 27.
Nxe5 Qxe5 28. Qc4 Qd6 29. Rc1 Rc7 30. h3 Rb8 31. Rdc2 a5 32. Qd3 Rbc8 33. Qb5
Qxd5 34. Qxa5 f4 35. exf4 g5 36. fxg5 Qxg5 37. Rc3 Rg7 38. g3 Qd2 39. Qa6 Rf8
40. Qc4+ Kh8 41. Qxc5 Re8 42. Rf1 Qxa2 43. b4 Qb2 44. Qc4 Qd2 45. b5 Reg8 46.
Kg2 h5 47. b6 Qd7 48. Qc6 Qd4 49. Qc4 Qxb6 50. Re1 Rf8 51. Qc5 Qb7+ 52. Qc6 Qb2
53. Rc2 Qb8 54. Re6 Rg5 55. h4 Rg4 56. Rh6+ Kg7 57. Rd6 Kh8 58. Qd5 Qe8 59. Re6
Qf7 60. Rh6+ Kg7 61. Qxf7+ Rxf7 62. Rxh5 Ra4 63. Rg5+ Kh7 64. f4 Ra3 65. Rcc5
Rb3 66. Rh5+ Kg7 67. Rcg5+ Kf8 68. Rf5 Rxf5 69. Rxf5+ Kg7 70. Ra5 Rb7 71. Ra6
Kh7 72. Kh3 Rc7 73. h5 Rb7 74. Kh4 Rf7 75. h6 Rf8 76. Rb6 Kh8 77. Kg5 Rg8+ 78.
Rg6 Ra8 79. f5 Ra5 80. g4 Rb5 81. Ra6 Rb8 82. f6 Rb5+ 83. Kg6 Rb8 84. g5 Rc8
85. Re6 Ra8 86. f7 1-0

[Event "24. European Club Cup 2008"]
[Site "Kallithea GRE"]
[Date "2008.10.21"]
[Round "5.29"]
[White "Mauquoi, Rudi"]
[Black "Tauber, Marek"]
[Result "0-1"]
[WhiteElo "2032"]
[BlackElo "2193"]
[PlyCount "118"]
[EventDate "2008.10.17"]
[EventType "team-swiss"]
[EventRounds "7"]
[EventCountry "GRE"]
[Source "lmi"]
[SourceDate "2008.10.17"]
[WhiteTeam "Differdange"]
[BlackTeam "Kosice"]

1. e4 c5 2. Nc3 Nc6 3. g3 g6 4. Bg2 Bg7 5. d3 e6 6. f4 Nge7 7. Nf3 d6 8. O-O
O-O 9. Be3 b6 10. h3 f5 11. Ng5 h6 12. Nf3 Rb8 13. Qd2 Bb7 14. Rae1 Nd4 15. Bf2
Qd7 16. Nxd4 cxd4 17. Ne2 e5 18. c3 dxc3 19. bxc3 Kh7 20. d4 Rbd8 21. exf5 Nxf5
22. g4 Bxg2 23. Kxg2 Qb7+ 24. Kh2 Ne7 25. Bg3 e4 26. Bh4 Rde8 27. Bxe7 Rxe7 28.
Ng3 Qd5 29. f5 g5 30. Qf2 Qc6 31. Re3 d5 32. Qe2 Rc7 33. Nh5 Bf6 34. Nxf6+ Qxf6
35. Qf2 Rfc8 36. Rc1 Qd6+ 37. Qg3 Qf4 38. Kg2 Rc4 39. Qe1 Kg7 40. Qd2 Kf6 41.
Rf1 Qc7 42. Rc1 b5 43. Qb2 b4 44. a3 bxc3 45. Qb5 Qc6 46. Qa5 Rc7 47. Rc2 a6
48. Rg3 Qb5 49. Qxb5 axb5 50. Kf2 Rxd4 51. Rgxc3 Rdc4 52. Rxc4 bxc4 53. Ke1 Ke5
54. Kd1 e3 55. Rb2 d4 56. Rb6 d3 57. Re6+ Kd4 58. f6 Rb7 59. Kc1 e2 0-1

[Event "24. European Club Cup 2008"]
[Site "Kallithea GRE"]
[Date "2008.10.21"]
[Round "5.30"]
[White "Simjanovski, Saso"]
[Black "Larter, Nick J"]
[Result "1-0"]
[WhiteElo "2223"]
[BlackElo "1819"]
[PlyCount "97"]
[EventDate "2008.10.17"]
[EventType "team-swiss"]
[EventRounds "7"]
[EventCountry "GRE"]
[Source "lmi"]
[SourceDate "2008.10.17"]
[WhiteTeam "Skopje"]
[BlackTeam "Ennis"]

1. Nf3 b6 2. e4 Bb7 3. d3 e6 4. g3 c5 5. Bg2 Nc6 6. O-O g6 7. Nc3 a6 8. Re1 Bg7
9. e5 Nge7 10. Ne4 O-O 11. Bg5 Qc7 12. Qd2 Kh8 13. Bf6 Ng8 14. Qg5 h6 15. Qh4
Bxf6 16. Nxf6 Qd8 17. Qf4 Kg7 18. Nxg8 Rxg8 19. h4 Rb8 20. Nd2 Nb4 21. Bxb7
Rxb7 22. Rec1 Nd5 23. Qf3 Rb8 24. Ne4 Qe7 25. Re1 f5 26. Nc3 Nxc3 27. bxc3 d5
28. exd6 Qxd6 29. Re3 Rge8 30. Rae1 Re7 31. Re5 Rbe8 32. Qf4 Qc6 33. Qc4 Qc8
34. a4 a5 35. Qb3 Qc6 36. d4 Kf6 37. Rb1 cxd4 38. cxd4 Rd8 39. c3 Rc8 40. Rbe1
Rce8 41. c4 Qd6 42. Qe3 g5 43. hxg5+ hxg5 44. g4 f4 45. Qh3 Rg7 46. d5 Rge7 47.
Qh6+ Kf7 48. Rxg5 Rc8 49. Qg6+ 1-0

[Event "24. European Club Cup 2008"]
[Site "Kallithea GRE"]
[Date "2008.10.21"]
[Round "5.31"]
[White "Brady, Stephen"]
[Black "Perrett, David C"]
[Result "1-0"]
[WhiteElo "2385"]
[BlackElo "1953"]
[PlyCount "81"]
[EventDate "2008.10.17"]
[EventType "team-swiss"]
[EventRounds "7"]
[EventCountry "GRE"]
[Source "lmi"]
[SourceDate "2008.10.17"]
[WhiteTeam "Phibsboro"]
[BlackTeam "Cwmbran"]

1. e4 Nf6 2. e5 Nd5 3. d4 d6 4. c4 Nb6 5. exd6 cxd6 6. Nc3 g6 7. Be3 Bg7 8. Rc1
O-O 9. b3 e5 10. dxe5 dxe5 11. Qxd8 Rxd8 12. c5 N6d7 13. Bc4 Nc6 14. Nf3 Na5
15. Be2 Nc6 16. Ne4 Nf6 17. Nd6 Ne8 18. Nxc8 Raxc8 19. O-O Nd4 20. Bc4 h6 21.
b4 Nf5 22. Rcd1 e4 23. Nd2 Bc3 24. Nxe4 Bxb4 25. Rxd8 Rxd8 26. c6 bxc6 27. Bxa7
Nfd6 28. Nxd6 Nxd6 29. Bb3 Nb5 30. Be3 Nc3 31. Bxh6 Ne2+ 32. Kh1 c5 33. Rd1
Rxd1+ 34. Bxd1 Nd4 35. Be3 Nc6 36. Kg1 c4 37. Kf1 Kf8 38. Ke2 Ke7 39. Ba4 Ne5
40. Bb5 Kd6 41. f4 1-0

[Event "24. European Club Cup 2008"]
[Site "Kallithea GRE"]
[Date "2008.10.21"]
[Round "5.31"]
[White "O'donovan, Richard"]
[Black "Gilbert, Jonathan A"]
[Result "0-1"]
[WhiteElo "2162"]
[BlackElo "2069"]
[PlyCount "70"]
[EventDate "2008.10.17"]
[EventType "team-swiss"]
[EventRounds "7"]
[EventCountry "GRE"]
[Source "lmi"]
[SourceDate "2008.10.17"]
[WhiteTeam "Phibsboro"]
[BlackTeam "Cwmbran"]

1. e4 c5 2. Nf3 Nc6 3. d4 cxd4 4. Nxd4 Nf6 5. Nc3 e5 6. Ndb5 d6 7. a4 a6 8. Na3
Bg4 9. f3 Be6 10. Nc4 Rc8 11. Be3 Bxc4 12. Bxc4 Be7 13. Nd5 Nxd5 14. Bxd5 O-O
15. Qd2 Kh8 16. O-O Qd7 17. b4 Nd4 18. c3 Ne6 19. Rfb1 f5 20. exf5 Rxf5 21. Qa2
Rf6 22. c4 Nf4 23. Bxf4 Rxf4 24. Re1 Rcf8 25. Re4 Rxe4 26. fxe4 Bg5 27. Qe2 g6
28. a5 Kg7 29. b5 axb5 30. Rb1 Kh8 31. Rxb5 Qg4 32. Qe1 Be3+ 33. Kh1 Rf2 34.
Qg1 Rd2 35. Qxe3 Qxg2# 0-1

[Event "24. European Club Cup 2008"]
[Site "Kallithea GRE"]
[Date "2008.10.21"]
[Round "5.31"]
[White "Gilbert, Colin"]
[Black "Salter, David"]
[Result "1-0"]
[WhiteElo "1865"]
[BlackElo "1953"]
[PlyCount "119"]
[EventDate "2008.10.17"]
[EventType "team-swiss"]
[EventRounds "7"]
[EventCountry "GRE"]
[Source "lmi"]
[SourceDate "2008.10.17"]
[WhiteTeam "Cwmbran"]
[BlackTeam "Phibsboro"]

1. Nf3 e6 2. c4 f5 3. d4 Nf6 4. Nc3 Be7 5. g3 O-O 6. Bg2 d6 7. Qc2 Nc6 8. Bg5
h6 9. Bxf6 Bxf6 10. Rd1 Qe8 11. d5 Na5 12. Nb5 exd5 13. Nxc7 Qe4 14. Qxe4 dxe4
15. Nxa8 exf3 16. Bxf3 Bxb2 17. Bd5+ Kh8 18. Nc7 a6 19. Be6 Ba3 20. Rd3 Bb4+
21. Kf1 Bxe6 22. Nxe6 Rc8 23. a3 Bc5 24. Nxc5 Rxc5 25. Rxd6 Nxc4 26. Rd7 b5 27.
Ra7 Rc6 28. Kg2 Nxa3 29. Rd1 Nc4 30. Rdd7 Rg6 31. Rd8+ Kh7 32. Rb8 Rc6 33. Rbb7
Rg6 34. Kf3 Na5 35. Rc7 Nb3 36. Ke3 Na5 37. Kd4 Nc4 38. Kc5 Na5 39. h4 h5 40.
Rc8 Nb3+ 41. Kb4 Nd4 42. Raa8 Rf6 43. e3 Nc6+ 44. Kc5 Ne5 45. Kd5 Nc4 46. Rh8+
Kg6 47. Ra7 Nb6+ 48. Kc5 Na4+ 49. Kb4 Nb2 50. Rg8 Kh7 51. Rgxg7+ Kh8 52. Rge7
Kg8 53. Re8+ Rf8 54. Rxf8+ Kxf8 55. Rxa6 Nd3+ 56. Kxb5 Nxf2 57. Rf6+ Kg7 58.
Rxf5 Ng4 59. Rg5+ Kh6 60. Rxg4 1-0

[Event "24. European Club Cup 2008"]
[Site "Kallithea GRE"]
[Date "2008.10.21"]
[Round "5.31"]
[White "Howell, Alan"]
[Black "Knudsen, Martin"]
[Result "1/2-1/2"]
[WhiteElo "1879"]
[BlackElo "1946"]
[PlyCount "97"]
[EventDate "2008.10.17"]
[EventType "team-swiss"]
[EventRounds "7"]
[EventCountry "GRE"]
[Source "lmi"]
[SourceDate "2008.10.17"]
[WhiteTeam "Cwmbran"]
[BlackTeam "Phibsboro"]

1. d4 Nf6 2. c4 c5 3. d5 b5 4. cxb5 a6 5. bxa6 Bxa6 6. Nc3 g6 7. Nf3 d6 8. g3
Bg7 9. e4 Bxf1 10. Kxf1 Nbd7 11. Kg2 O-O 12. Qe2 Qc7 13. Nd2 Nb6 14. a4 Qb7 15.
a5 Ra6 16. Ra3 Nbd7 17. f4 Rfa8 18. Nc4 Ne8 19. Rd1 Nc7 20. Qc2 Rb8 21. Rd3
Bxc3 22. bxc3 Qb5 23. Qa2 Qb1 24. Qxb1 Rxb1 25. Bb2 Ra8 26. Rb3 Rb8 27. Rxb8+
Nxb8 28. Rd2 Nba6 29. Kf3 h6 30. Ke2 Nb5 31. Kd3 Kf8 32. Re2 Ke8 33. Kc2 Rh1
34. Na3 Nxa3+ 35. Bxa3 Kd7 36. Kb3 Rb1+ 37. Bb2 Nc7 38. Ka4 Kc8 39. c4 Kd8 40.
Bc3 Rc1 41. Kb3 Rb1+ 42. Rb2 Rxb2+ 43. Bxb2 f5 44. e5 Kd7 45. e6+ Kc8 46. Ka4
h5 47. Bc3 Kb7 48. a6+ Kxa6 49. Bg7 1/2-1/2

[Event "24. European Club Cup 2008"]
[Site "Kallithea GRE"]
[Date "2008.10.22"]
[Round "6.4"]
[White "Petrosian, Tigran L"]
[Black "Kobalia, Mikhail"]
[Result "0-1"]
[WhiteElo "2629"]
[BlackElo "2630"]
[PlyCount "140"]
[EventDate "2008.10.17"]
[EventType "team-swiss"]
[EventRounds "7"]
[EventCountry "GRE"]
[Source "lmi"]
[SourceDate "2008.10.17"]
[WhiteTeam "MIKA"]
[BlackTeam "TPS"]

1. e4 e5 2. Nf3 Nc6 3. Bc4 Bc5 4. c3 Nf6 5. d3 a6 6. Bb3 Ba7 7. O-O O-O 8. Nbd2
d6 9. h3 h6 10. Re1 Re8 11. Nf1 Be6 12. Ng3 d5 13. Bd2 dxe4 14. dxe4 Bxb3 15.
Qxb3 Qd7 16. Rad1 Qe6 17. Qxe6 Rxe6 18. Be3 Bxe3 19. Rxe3 g6 20. Red3 Kf8 21.
h4 Ke8 22. h5 Rd8 23. Rxd8+ Nxd8 24. Nh4 Nd7 25. Kf1 Rf6 26. Nf3 Rb6 27. b3 Ne6
28. hxg6 fxg6 29. Ne2 Nec5 30. Ng3 Ne6 31. Ne2 Nec5 32. Ng3 Rf6 33. Rd5 c6 34.
Rd1 Ne6 35. Ne2 Nec5 36. Ng3 Ne6 37. Ne2 h5 38. Nc1 Nec5 39. Ng5 Ke7 40. Ke2
Nf8 41. Ke3 Nfe6 42. b4 Na4 43. Nxe6 Rxe6 44. Nd3 b5 45. g3 Rd6 46. Rc1 Kf6 47.
f4 exf4+ 48. gxf4 Rd8 49. Rg1 Nb6 50. Rg5 Nc4+ 51. Ke2 h4 52. Rc5 h3 53. Rxc6+
Kg7 54. Rc7+ Kg8 55. Nf2 h2 56. Nh1 Rd2+ 57. Kf3 Rxa2 58. Rc8+ Kg7 59. Rc7+ Kg8
60. Rc8+ Kf7 61. Rh8 Rc2 62. Kg3 Nd2 63. Kxh2 Nxe4+ 64. Kh3 Rxc3+ 65. Kg4 Nf6+
66. Kg5 Rc1 67. Rh3 Ne4+ 68. Kh4 Rf1 69. Rh2 Kf6 70. f5 g5+ 0-1

[Event "24. European Club Cup 2008"]
[Site "Kallithea GRE"]
[Date "2008.10.22"]
[Round "6.6"]
[White "Baramidze, David"]
[Black "Tregubov, Pavel V"]
[Result "1/2-1/2"]
[WhiteElo "2557"]
[BlackElo "2646"]
[PlyCount "50"]
[EventDate "2008.10.17"]
[EventType "team-swiss"]
[EventRounds "7"]
[EventCountry "GRE"]
[Source "lmi"]
[SourceDate "2008.10.17"]
[WhiteTeam "Hohenems"]
[BlackTeam "Clichy"]

1. e4 c5 2. Nf3 Nc6 3. d4 cxd4 4. Nxd4 Nf6 5. Nc3 e5 6. Ndb5 d6 7. Bg5 a6 8.
Na3 b5 9. Nd5 Be7 10. Bxf6 Bxf6 11. c3 Bg5 12. Nc2 Rb8 13. a4 bxa4 14. Ncb4
Nxb4 15. cxb4 O-O 16. Rxa4 a5 17. b5 Bd7 18. Qb3 Kh8 19. Be2 f5 20. exf5 Bxf5
21. O-O Be6 22. Qd3 Bd7 23. Qb3 Be6 24. Qd3 Bd7 25. Qb3 Be6 1/2-1/2

[Event "24. European Club Cup 2008"]
[Site "Kallithea GRE"]
[Date "2008.10.22"]
[Round "6.6"]
[White "David, Alberto"]
[Black "Braun, Arik"]
[Result "0-1"]
[WhiteElo "2585"]
[BlackElo "2567"]
[PlyCount "142"]
[EventDate "2008.10.17"]
[EventType "team-swiss"]
[EventRounds "7"]
[EventCountry "GRE"]
[Source "lmi"]
[SourceDate "2008.10.17"]
[WhiteTeam "Clichy"]
[BlackTeam "Hohenems"]

1. e4 e5 2. Nf3 Nf6 3. Nxe5 d6 4. Nf3 Nxe4 5. Nc3 Nxc3 6. dxc3 Be7 7. Be3 O-O
8. Qd2 Nd7 9. O-O-O Ne5 10. Kb1 Nxf3 11. gxf3 Bf5 12. h4 Qd7 13. h5 Bf6 14. h6
g6 15. Bd4 Qd8 16. Rg1 c5 17. Bxf6 Qxf6 18. Bc4 Rad8 19. Rge1 Rfe8 20. Rxe8+
Rxe8 21. a4 Rd8 22. Bd5 b6 23. c4 Kf8 24. Bc6 Be6 25. b3 Ke7 26. Bd5 Bd7 27.
Be4 Be6 28. Bd5 a5 29. Be4 Qh4 30. Bd5 Qh5 31. Be4 Qe5 32. Re1 Qf6 33. Rd1 Kf8
34. Bc6 g5 35. Rh1 Qf4 36. Qc3 Qe5 37. Qd2 Qf4 38. Qc3 Qd4 39. Qxd4 cxd4 40.
Rg1 f6 41. f4 g4 42. f3 Rc8 43. Be4 f5 44. Bd3 gxf3 45. Rg7 Bg8 46. Rg3 f2 47.
Rg2 Be6 48. Rg7 Re8 49. Rxh7 Bg8 50. Rh8 Re1+ 51. Kb2 Rh1 52. h7 Rxh7 53. Rxh7
Bxh7 54. c3 dxc3+ 55. Kxc3 Ke7 56. Kd4 Kd7 57. Ke3 Kc6 58. Kd4 Bg6 59. Bf1 Bh5
60. Bg2+ Kd7 61. Ke3 Bd1 62. Kxf2 Bxb3 63. Bf1 Bxa4 64. Ke3 Bc6 65. Kd4 Be4 66.
Be2 Kc6 67. Bh5 d5 68. Be8+ Kd6 69. Bg6 a4 70. cxd5 a3 71. Kc3 b5 0-1

[Event "24. European Club Cup 2008"]
[Site "Kallithea GRE"]
[Date "2008.10.22"]
[Round "6.6"]
[White "Edouard, Romain"]
[Black "Atlas, Valery"]
[Result "1-0"]
[WhiteElo "2531"]
[BlackElo "2465"]
[PlyCount "69"]
[EventDate "2008.10.17"]
[EventType "team-swiss"]
[EventRounds "7"]
[EventCountry "GRE"]
[Source "lmi"]
[SourceDate "2008.10.17"]
[WhiteTeam "Clichy"]
[BlackTeam "Hohenems"]

1. e4 c5 2. Nf3 e6 3. d4 cxd4 4. Nxd4 Nf6 5. Nc3 d6 6. f4 Nc6 7. Be3 Be7 8. Qf3
O-O 9. O-O-O Nxd4 10. Bxd4 Qa5 11. e5 dxe5 12. fxe5 Nd7 13. Qe3 Bc5 14. Bb5
Bxd4 15. Rxd4 Qc7 16. Bxd7 Bxd7 17. Ne4 Kh8 18. Qd3 Bc6 19. Ng5 g6 20. Rf1 Kg8
21. Qh3 h5 22. Qe3 Qe7 23. Rf6 Rac8 24. Rdf4 Bd5 25. Nxf7 Rxf7 26. Rxf7 Qc5 27.
Qxc5 Rxc5 28. Rf8+ Kg7 29. R4f7+ Kh6 30. h4 g5 31. Re7 Be4 32. Rf6+ Bg6 33.
hxg5+ Kxg5 34. Rg7 Rxc2+ 35. Kd1 1-0

[Event "24. European Club Cup 2008"]
[Site "Kallithea GRE"]
[Date "2008.10.22"]
[Round "6.6"]
[White "Mullon, Jean-Baptiste"]
[Black "Atlas, Dimitry"]
[Result "1/2-1/2"]
[WhiteElo "2354"]
[BlackElo "2322"]
[PlyCount "82"]
[EventDate "2008.10.17"]
[EventType "team-swiss"]
[EventRounds "7"]
[EventCountry "GRE"]
[Source "lmi"]
[SourceDate "2008.10.17"]
[WhiteTeam "Clichy"]
[BlackTeam "Hohenems"]

1. e4 e6 2. d4 d5 3. Nd2 Nf6 4. e5 Nfd7 5. Bd3 c5 6. c3 Nc6 7. Ngf3 g6 8. h4
cxd4 9. cxd4 Qb6 10. Nb3 a5 11. a4 Nb4 12. h5 Nxd3+ 13. Qxd3 Bb4+ 14. Bd2 Nf8
15. hxg6 Nxg6 16. g3 Bd7 17. O-O Bxd2 18. Nfxd2 Rc8 19. Nf3 Rc4 20. Nc5 Bc6 21.
b3 Rxc5 22. dxc5 Qxc5 23. Rfe1 h5 24. Nd4 h4 25. Rac1 Nxe5 26. Qc3 Qxd4 27.
Rxe5 Qxc3 28. Rxc3 Rg8 29. Rh5 hxg3 30. Rxg3 Rxg3+ 31. fxg3 Ke7 32. g4 f6 33.
Kf2 e5 34. Rh8 d4 35. Ra8 Bd5 36. Rxa5 Bxb3 37. g5 e4 38. Rb5 e3+ 39. Kg3 Bxa4
40. Rxb7+ Kf8 41. Rb8+ Kf7 1/2-1/2

[Event "24. European Club Cup 2008"]
[Site "Kallithea GRE"]
[Date "2008.10.22"]
[Round "6.8"]
[White "Argandona, Riveiro Inigo"]
[Black "Zelcic, Robert"]
[Result "0-1"]
[WhiteElo "2385"]
[BlackElo "2589"]
[PlyCount "126"]
[EventDate "2008.10.17"]
[EventType "team-swiss"]
[EventRounds "7"]
[EventCountry "GRE"]
[Source "lmi"]
[SourceDate "2008.10.17"]
[WhiteTeam "Iretza"]
[BlackTeam "Zagreb"]

1. Nf3 Nf6 2. c4 e6 3. d4 d5 4. g3 dxc4 5. Bg2 Nc6 6. Qa4 Bb4+ 7. Bd2 Bd6 8.
Ne5 Bxe5 9. dxe5 Nd5 10. Nc3 O-O 11. Qxc4 Nxe5 12. Qe4 Nb6 13. Rd1 Nec4 14. Bc1
Qe7 15. O-O e5 16. b3 Nd6 17. Qb4 Bf5 18. Bxb7 c5 19. Qxc5 Qxb7 20. Qxd6 Bh3
21. f3 Bxf1 22. Kxf1 Rfe8 23. a4 Rab8 24. Rd3 h6 25. Ne4 Qc8 26. Be3 f5 27. Nc5
e4 28. fxe4 fxe4 29. Rd4 Qh3+ 30. Kg1 Qh5 31. Rxe4 Qxe2 32. a5 Kh7 33. Rxe8
Rxe8 34. Bf2 Nc8 35. Qd3+ Qxd3 36. Nxd3 Re2 37. Bc5 Rd2 38. Nf2 a6 39. Ne4 Rc2
40. b4 Kg6 41. g4 Rc4 42. Nf2 Kf7 43. Kg2 Ne7 44. Kf3 Ke6 45. Nd3 Ng6 46. Ke3
Rxg4 47. Bb6 Kd5 48. Nc5 Rxb4 49. Nxa6 Rb3+ 50. Kf2 Ne5 51. Nc7+ Kc6 52. Ne6
Rb2+ 53. Kg3 g5 54. h4 Rb3+ 55. Kg2 Kd5 56. Nc7+ Kd6 57. hxg5 hxg5 58. Ne8+ Kd7
59. Nf6+ Ke6 60. Ne4 Kf5 61. Nc5 Rb2+ 62. Kg3 Nc4 63. Nd7 Rb5 0-1

[Event "24. European Club Cup 2008"]
[Site "Kallithea GRE"]
[Date "2008.10.22"]
[Round "6.9"]
[White "Rade, Miroslav"]
[Black "Perez Candelario, Manuel"]
[Result "0-1"]
[WhiteElo "2436"]
[BlackElo "2520"]
[PlyCount "82"]
[EventDate "2008.10.17"]
[EventType "team-swiss"]
[EventRounds "7"]
[EventCountry "GRE"]
[Source "lmi"]
[SourceDate "2008.10.17"]
[WhiteTeam "Brijeg"]
[BlackTeam "Linex"]

1. e4 c5 2. Nf3 d6 3. d4 cxd4 4. Nxd4 Nf6 5. Nc3 g6 6. Be2 Bg7 7. O-O Nc6 8.
Nb3 O-O 9. Re1 b6 10. Bg5 Bb7 11. Kh1 Rc8 12. f4 h6 13. Bh4 e5 14. Bg4 exf4 15.
Bxc8 Bxc8 16. Nd4 Nxd4 17. Qxd4 g5 18. Bf2 Ng4 19. Qd2 Nxf2+ 20. Qxf2 Be5 21.
Rg1 Bg4 22. Rab1 h5 23. Nd5 h4 24. h3 Bh5 25. c3 Kh8 26. Nb4 Rg8 27. Nd3 Qf6
28. Rgf1 Qe6 29. Rfe1 Rg6 30. Nxe5 dxe5 31. Kh2 Kg7 32. b3 Qc6 33. c4 Rd6 34.
Rb2 Rd3 35. Rd2 Rg3 36. Rd5 Qe6 37. Qb2 f3 38. Rg1 f6 39. Qd2 fxg2 40. Rxg2
Qxh3+ 41. Kg1 Bf3 0-1

[Event "24. European Club Cup 2008"]
[Site "Kallithea GRE"]
[Date "2008.10.22"]
[Round "6.9"]
[White "Cabezas Ayala, Ivan"]
[Black "Galic, Ivan"]
[Result "1/2-1/2"]
[WhiteElo "2374"]
[BlackElo "2316"]
[PlyCount "185"]
[EventDate "2008.10.17"]
[EventType "team-swiss"]
[EventRounds "7"]
[EventCountry "GRE"]
[Source "lmi"]
[SourceDate "2008.10.17"]
[WhiteTeam "Linex"]
[BlackTeam "Brijeg"]

1. e4 c5 2. Nf3 e6 3. d4 cxd4 4. Nxd4 a6 5. Be2 Qc7 6. O-O b5 7. a4 b4 8. c3
Bb7 9. Bf3 Nc6 10. Nxc6 Bxc6 11. cxb4 Bxb4 12. Qd4 Bd6 13. h3 Nf6 14. Nd2 Bh2+
15. Kh1 Be5 16. Qd3 d5 17. exd5 Bxd5 18. Bxd5 Nxd5 19. Nf3 O-O 20. Qe2 Bf6 21.
Bg5 Bxg5 22. Nxg5 h6 23. Nf3 Rfb8 24. Rfc1 Qf4 25. Ne5 Qd4 26. Qh5 Rb7 27. Re1
Rf8 28. Rad1 Qxb2 29. Ng4 Nf4 30. Qc5 Qb4 31. Qc6 Qb6 32. Qe4 Nd5 33. Qf3 Qb3
34. Rd3 Qxa4 35. Ra3 Qb4 36. Rea1 Ra7 37. Rxa6 Rxa6 38. Rxa6 Qe1+ 39. Kh2 h5
40. Ne3 Nxe3 41. fxe3 Qh4 42. Ra5 g6 43. Ra7 Kg7 44. Rb7 Qg5 45. Ra7 Qe5+ 46.
Qg3 Qg5 47. h4 Rc8 48. Ra4 e5 49. e4 Qf6 50. Ra6 Qe7 51. Ra5 Rc5 52. Ra4 Qd7
53. Qa3 Qe7 54. Qg3 Qc7 55. Ra6 Qe7 56. Ra4 Rc6 57. Ra5 Re6 58. Qg5 Qb4 59. Ra8
Qxe4 60. Qd8 Qf4+ 61. Kh1 Qf1+ 62. Kh2 Qf4+ 63. Kh1 Qf1+ 64. Kh2 Qf4+ 65. Kh1
g5 66. Qh8+ Kg6 67. Rg8+ Kf5 68. Qh7+ Kf6 69. Qh6+ Ke7 70. Qf8+ Kd7 71. Qc8+
Kd6 72. Qb8+ Kc5 73. Qa7+ Rb6 74. Rc8+ Kb5 75. Qd7+ Kb4 76. Qe7+ Kb3 77. hxg5
Rb4 78. Qf6 Qh4+ 79. Kg1 Qe1+ 80. Qf1 Qxf1+ 81. Kxf1 Rf4+ 82. Kg1 Rf5 83. Rg8
Kc3 84. g6 fxg6 85. Rxg6 Kd3 86. Ra6 e4 87. Ra3+ Kd4 88. Ra4+ Ke5 89. Ra3 h4
90. Rb3 Kf6 91. Re3 Rf4 92. g3 Rg4 93. Kh2 1/2-1/2

[Event "24. European Club Cup 2008"]
[Site "Kallithea GRE"]
[Date "2008.10.22"]
[Round "6.10"]
[White "Arutinian, David"]
[Black "Kovacs, Gabor"]
[Result "1/2-1/2"]
[WhiteElo "2584"]
[BlackElo "2490"]
[PlyCount "107"]
[EventDate "2008.10.17"]
[EventType "team-swiss"]
[EventRounds "7"]
[EventCountry "GRE"]
[Source "lmi"]
[SourceDate "2008.10.17"]
[WhiteTeam "Bank King"]
[BlackTeam "Szombathely"]

1. d4 d5 2. Nf3 Nf6 3. c4 e6 4. e3 Be7 5. b3 O-O 6. Bd3 b6 7. O-O Bb7 8. cxd5
exd5 9. Bb2 Nbd7 10. Nc3 a6 11. Rc1 Bd6 12. Ne2 Ne4 13. Ng3 Qf6 14. Qc2 Rfe8
15. Ne5 Nxe5 16. dxe5 Bxe5 17. Bxe5 Rxe5 18. Bxe4 dxe4 19. Qxc7 Re7 20. Qc4 g6
21. Rfd1 Rc8 22. Qb4 Rxc1 23. Rxc1 a5 24. Qb5 Qd6 25. h3 Re5 26. Qe2 Rc5 27.
Rxc5 Qxc5 28. Qc4 Bd5 29. Qd4 Bc6 30. Qf6 Qd5 31. Kh2 b5 32. Ne2 b4 33. Nd4 Bd7
34. g4 h6 35. Kg2 Kh7 36. h4 Bc8 37. Qe7 g5 38. hxg5 hxg5 39. Qf6 Be6 40. Nf5
Bxf5 41. gxf5 a4 42. Qxg5 axb3 43. axb3 Qd6 44. Kh3 Qd7 45. Kg2 Qd5 46. Qh5+
Kg8 47. Qg4+ Kh7 48. f6 Kh6 49. Kh3 Qh5+ 50. Kg3 Qg5 51. Qxg5+ Kxg5 52. Kh3 Kh5
53. Kg3 Kg5 54. Kh3 1/2-1/2

[Event "24. European Club Cup 2008"]
[Site "Kallithea GRE"]
[Date "2008.10.22"]
[Round "6.10"]
[White "Chibukhchian, Artur"]
[Black "Csonka, Attila"]
[Result "0-1"]
[WhiteElo "2455"]
[BlackElo "2275"]
[PlyCount "80"]
[EventDate "2008.10.17"]
[EventType "team-swiss"]
[EventRounds "7"]
[EventCountry "GRE"]
[Source "lmi"]
[SourceDate "2008.10.17"]
[WhiteTeam "Bank King"]
[BlackTeam "Szombathely"]

1. d4 Nf6 2. c4 e6 3. a3 b6 4. Nc3 Bb7 5. d5 exd5 6. cxd5 g6 7. e4 d6 8. Nf3
Bg7 9. Bb5+ Nbd7 10. Nd4 O-O 11. O-O Nc5 12. Re1 a6 13. Bc6 Bxc6 14. Nxc6 Qd7
15. b4 Ncxe4 16. Nxe4 Nxe4 17. Rxe4 Bxa1 18. Bh6 Bf6 19. Bxf8 Kxf8 20. Qf3 Kg7
21. h4 Re8 22. g3 h5 23. a4 Rxe4 24. Qxe4 Qg4 25. Qd3 Bxh4 26. Kh2 Bf6 27. Qxa6
Qf3 28. Qf1 Qxd5 29. Qc1 Qa2 30. a5 Qxf2+ 31. Kh1 bxa5 32. bxa5 Qxg3 33. a6 Bg5
34. Qa1+ Kh7 35. Qf1 Bf4 36. Qg2 Qh4+ 37. Kg1 Be3+ 38. Kf1 Qc4+ 39. Ke1 Qxa6
40. Qf3 Qc4 0-1